LEADER 05118nam 22006975 450 001 9910743363503321 005 20251229082907.0 010 $a981-16-8925-3 010 $a981-16-8926-1 010 $a981-16-8926-1 024 7 $a10.1007/978-981-16-8926-0 035 $a(MiAaPQ)EBC6943637 035 $a(Au-PeEL)EBL6943637 035 $a(CKB)21448766100041 035 $a(PPN)261519891 035 $a(BIP)82370444 035 $a(DE-He213)978-981-16-8926-0 035 $a(EXLCZ)9921448766100041 100 $a20220330d2022 u| 0 101 0 $aeng 135 $aurcnu|||||||| 181 $ctxt$2rdacontent 182 $cc$2rdamedia 183 $acr$2rdacarrier 200 10$aAdvances in Theory and Practice of Computational Mechanics $eProceedings of the 22nd International Conference on Computational Mechanics and Modern Applied Software Systems (CMMASS 2021) /$fedited by Margarita N. Favorskaya, Ilia S. Nikitin, Natalia S. Severina 205 $a1st ed. 2022. 210 1$aSingapore :$cSpringer Nature Singapore :$cImprint: Springer,$d2022. 215 $a1 online resource (414 pages) 225 1 $aSmart Innovation, Systems and Technologies,$x2190-3026 ;$v274 311 08$aPrint version: Favorskaya, Margarita N. Advances in Theory and Practice of Computational Mechanics Singapore : Springer Singapore Pte. Limited,c2022 9789811689253 320 $aIncludes bibliographical references and index. 327 $aChapter 1. Advances in Computational Study of Dynamic Systems -- Part I: COMPUTATIONAL FLUID DYNAMICS -- Chapter 2. Mathematical Modeling of the Problem of Magneto-aero-elastic Stability of Rectangular Plate -- Chapter 3. Calculation of Heat Transfer at the Front of an Aircraft during Hypersonic Flight -- Chapter 4. Some Features of DG Method Application for Solving Gas Dynamics Problems -- Chapter 5. Using the CFD Code hySol to Calculate High-speed Flows -- Chapter 6. Mathematical Modeling of Spots Chain Dynamics in Fluid -- Chapter 7. Simulation of Flows near Wings with Supersonic Edges -- Chapter 8. 3-D Quasi-Conformal Mappings and Generalization of Axisymmetric Case -- Chapter 9. Direct Numerical Simulation of Two-dimensional Turbulence and Investigation of the Boundary Conditions Influence on the Energy Cascade Formation -- Chapter 10. Numerical Modeling of Non-Stationary Flow Near Lateral Surface of the Descent Module in Martian Atmosphere for Wide Range of Attack Angles -- Part II: NUMERICAL SIMULATION OF PHYSICAL AND CHEMICAL PROCESSES IN GASES AND LIQUIDS -- Chapter 11. Probe Diagnostics of Rarefied Plasma Flows from Magnetoplasmodynamic Engines -- Chapter 12. Numerical Simulation of Combustion Wave Propagation in a Black Powder Charge using a Two-Fluid Model -- Chapter 13. Unconventional Trajectories of Meteoroids in the Earth's Atmosphere -- Chapter 14. Mathematical Modeling of Dynamic and Optical Effects in Ionospheric Experiments Using an Explosive Chemical Generator -- Chapter 15. Numerical Study of the Perturbed Region Produced by a Heating Facility in the Lower Ionosphere. 330 $aThis book is a collection of peer-reviewed best selected research papers presented at 22nd International Conference on Computational Mechanics and Modern Applied Software Systems (CMMASS 2021), held at the Alushta Health and Educational Center, The Republic of Crimea, during 4?13 September 2021. The proceedings is dedicated to solving the real-world problems of applied mechanics using smart computational technology. Physical and mathematical models, numerical methods, computational algorithms and software complexes are discussed, which allow to carry out high-precision mathematical modelling in fluid, gas and plasma mechanics, in general mechanics, deformable solid mechanics, in strength, destruction and safety of structures, etc. Smart technologies and software systems that provide effective solutions to the problems at various multi scale-levels are considered. Special attention is paid to the training of highly qualified specialists for the aviation and space industry. . 410 0$aSmart Innovation, Systems and Technologies,$x2190-3026 ;$v274 606 $aComputational intelligence 606 $aMechanics, Applied 606 $aContinuum mechanics 606 $aSoftware engineering 606 $aComputational Intelligence 606 $aEngineering Mechanics 606 $aContinuum Mechanics 606 $aSoftware Engineering 615 0$aComputational intelligence. 615 0$aMechanics, Applied. 615 0$aContinuum mechanics. 615 0$aSoftware engineering. 615 14$aComputational Intelligence. 615 24$aEngineering Mechanics. 615 24$aContinuum Mechanics. 615 24$aSoftware Engineering. 676 $a016.403 702 $aFavorskaya$b Margarita N. 702 $aNikitin$b Ilia S. 702 $aSeverina$b Natalia S. 801 0$bMiAaPQ 801 1$bMiAaPQ 801 2$bMiAaPQ 906 $aBOOK 912 $a9910743363503321 996 $aAdvances in Theory and Practice of Computational Mechanics$92847934 997 $aUNINA